000 00883nam a22002897a 4500
001 5871
003 FISKH
005 20260401105728.0
008 250127b cb ||||| |||| 00| 0 eng d
020 _a9780439578202
040 _aFISKH
_beng
_cFISKH
_dFISKH
050 _aPZ7.R6413
082 _a813
100 _aRohmann, Eric
_d(1957-)
245 _aMy friend rabbit /
_cEric Rohmann
250 _aFirst paperback printing in 2004
260 _aNew York :
_bScholastic,
_c2002.
300 _a30 pages :
_bcolor illustrations ;
_c21 cm
505 _aG
520 _aSomething always seems to go wrong when Rabbit is around, but Mouse lets him play with his toy plane anyway because he is his good friend.
521 8 _a350
_bLexile
521 8 _aG
_bRaz-Plus
650 _2Friendship
_aAnimals
650 _2Mouse
_aRabbits
942 _2ddc
_cBK
_n0
999 _c5871
_d5871